|
|
|
|
| LEADER |
00000cam a2200000 7i4500 |
| 001 |
0000005500 |
| 005 |
20170321093000.0 |
| 008 |
021118s1980 |
| 090 |
0 |
0 |
|a BF722
|b .G86
|
| 100 |
0 |
|
|a Gunarsa, Singgih D. ,
|e author
|
| 245 |
0 |
0 |
|a Psikologi untuk membimbing
|c Singgih D. Gunarsa
|
| 260 |
2 |
|
|a Jakarta :
|b BPK Gunung Mulia ,
|c 1980
|
| 300 |
|
|
|a 171 ms. ;
|c 18 sm.
|
| 500 |
|
|
|a Mengandungi indeks
|
| 650 |
|
0 |
|a Child psychology
|
| 650 |
|
0 |
|a Child psychology
|x Methodology
|
| 999 |
|
|
|a 1000000670
|b Book
|c OPEN SHELF (30 DAYS)
|e Gong Badak Campus
|
| 999 |
|
|
|a 1000000674
|b Book
|c OPEN SHELF (30 DAYS)
|e Gong Badak Campus
|